Centrum chorvátskej kultúry, Jarovce

Saved in:
Bibliographic Details
Main Author: Sabová, Ivana (Author)
Other Authors: Varga, Tibor (Thesis advisor)
Format: Manuscript Book
Language:Slovak
Published: 2025
Subjects:
Online Access:http://is.stuba.sk/zp/portal_zp.pl?podrobnosti=168422
Tags: Add Tag
No Tags, Be the first to tag this record!

MARC

LEADER 00000ntm a22000003a 4500
001 stuzp105194
003 SK-STU
005 20250614213704.4
007 ta
008 150427s2015----xo-----f-mn---000-0-slo-d
040 |a STU  |b slo 
041 0 |a slo 
100 1 |a Sabová, Ivana  |u 052120  |4 aut  |U FAD Fakulta architektúry a dizajnu  |T FAD Ústav ekologickej a experimentálnej architektúry  |X 115741  |U A2120  |Y 393  |7 115741 
242 0 1 |a Croatian Cultural Center, Jarovce  |y eng 
245 1 0 |a Centrum chorvátskej kultúry, Jarovce 
260 |c 2025 
650 4 |a community life  |2 eng 
650 4 |a public space  |2 eng 
650 4 |a Center of culture  |2 eng 
650 4 |a Jarovce  |2 eng 
650 4 |a komunitný život  |2 slo 
650 4 |a verejný priestor  |2 slo 
650 4 |a kultúrne centrum  |2 slo 
650 4 |a Jarovce  |2 slo 
700 1 |a Varga, Tibor  |u 052120  |k Z1  |4 ths  |U FAD Fakulta architektúry a dizajnu  |T FAD Ústav ekologickej a experimentálnej architektúry  |X 337  |U A2120  |Y 393  |7 A000000337 
856 4 |u http://is.stuba.sk/zp/portal_zp.pl?podrobnosti=168422